000 00233 a2200097 4500
001 7047
100 _aHusain, A
245 _aTarikh-e-Ibin-e-Khuldoon(Rasul aur Khulfa-e-Rasul)
260 _a
_bNafees Academy
_c
090 _c5817
_d5817
942 _aNUST-CAE
_cM
_c32286
999 _c242120
_d242120